Crochet lace / (Record no. 2746)

000 -LEADER
fixed length control field nam a22 a 4500
003 - CONTROL NUMBER IDENTIFIER
control field AKMAL
005 - DATE AND TIME OF LATEST TRANSACTION
control field 20170517161123.0
008 - FIXED-LENGTH DATA ELEMENTS--GENERAL INFORMATION
fixed length control field 170517s1992 ja 00 eng d
020 ## - INTERNATIONAL STANDARD BOOK NUMBER
International Standard Book Number 0870408933 (pbk):
Terms of availability RM 28.90
040 ## - CATALOGING SOURCE
Original cataloging agency AKMAL
Transcribing agency AKMAL
082 04 - DEWEY DECIMAL CLASSIFICATION NUMBER
Classification number 646.21 HON
Edition number 20
090 20 - LOCALLY ASSIGNED LC-TYPE CALL NUMBER (OCLC); LOCAL CALL NUMBER (RLIN)
Classification number (OCLC) (R) ; Classification number, CALL (RLIN) (NR) 646.21
Local cutter number (OCLC) ; Book number/undivided call number, CALL (RLIN) HON
100 1# - MAIN ENTRY--PERSONAL NAME
Personal name Honda, Kimi
9 (RLIN) 5789
245 10 - TITLE STATEMENT
Title Crochet lace /
Statement of responsibility, etc. by Kimi Honda
260 ## - PUBLICATION, DISTRIBUTION, ETC.
Place of publication, distribution, etc. Tokyo :
Name of publisher, distributor, etc. Nihon Vogue,
Date of publication, distribution, etc. 1992
300 ## - PHYSICAL DESCRIPTION
Extent [62]p. :
Other physical details ill.(some col.) ;
Dimensions 26 cm.
440 #0 - SERIES STATEMENT/ADDED ENTRY--TITLE
Title Nihon Vogue's favourite lace doilies
9 (RLIN) 5790
500 ## - GENERAL NOTE
General note Cover title
650 ## - SUBJECT ADDED ENTRY--TOPICAL TERM
Topical term or geographic name entry element Crocheting
Form subdivision Patterns
9 (RLIN) 5791
650 ## - SUBJECT ADDED ENTRY--TOPICAL TERM
Topical term or geographic name entry element Lace and lace making
General subdivision Patterns
9 (RLIN) 5792
650 ## - SUBJECT ADDED ENTRY--TOPICAL TERM
Topical term or geographic name entry element Doilies
9 (RLIN) 5793
942 ## - ADDED ENTRY ELEMENTS (KOHA)
Source of classification or shelving scheme
Koha item type Book
Holdings
Withdrawn status Lost status Source of classification or shelving scheme Damaged status Not for loan Collection code Home library Current library Date acquired Inventory number Total Checkouts Full call number Barcode Date last seen Price effective from Koha item type
          NON-FICTION AKMAL Melaka AKMAL Melaka 17.05.2017 001733   646.21 HON 201703574 17.05.2017 17.05.2017 Book
Pusat Sumber Maklumat Dato' Haji Sarmin Md Hussin, Akademi Kastam Diraja Malaysia, Melaka
Tel: 06-2331106 | Faks: 06-2313787